| 000 | 00982cam a2200277 a 4500 | ||
|---|---|---|---|
| 001 | 14651743 | ||
| 005 | 20201128013527.0 | ||
| 008 | 061130s2008 cauab b 001 0 eng | ||
| 010 | _a 2006939504 | ||
| 020 | _a0495096369 | ||
| 020 | _a9780495096368 | ||
| 040 |
_aDLC _cDLC _dDLC |
||
| 050 | 0 | 0 |
_aHM585 _b.B8533 2008 |
| 082 | 0 | 0 |
_a301 _222 _bBRI NR |
| 100 |
_92168 _aBrinkerhoff, David B. |
||
| 245 | 0 | 0 |
_aEssentials of sociology / _cDavid B. Brinkerhoff ... [et al.]. |
| 250 | _a7th ed. | ||
| 260 |
_aAustralia : _bThomson/Wadsworth, _cc2008. |
||
| 300 |
_axxxi, 446 p. : _bill. (some col.), col. maps ; _c26 cm. |
||
| 500 | _aIncludes passcode to InfoTrac college edition. | ||
| 504 | _aIncludes bibliographical references and indexes. | ||
| 650 | 0 | _aSociology. | |
| 856 | 4 | 1 |
_3Table of contents only _uhttp://www.loc.gov/catdir/toc/fy0714/2006939504.html |
| 942 |
_2ddc _cBB |
||
| 999 |
_c10904 _d10904 |
||